|
|
|
|
| LEADER |
01012aam a22002538a 4500 |
| 001 |
00030445 |
| 005 |
20171026081025.0 |
| 008 |
130308s2012 ||||||viesd |
| 020 |
|
|
|c 325000
|
| 041 |
0 |
# |
|a vie
|
| 082 |
1 |
4 |
|a 349.597
|b H250TH
|
| 100 |
1 |
# |
|a Thùy, Linh
|e Sưu tầm, hệ thống hóa
|
| 245 |
1 |
0 |
|a Hệ thống toàn văn 13 luật đã được Quốc hội thông qua tại kỳ họp thứ 3 Quốc hội khóa XIII năm 2012
|c Thùy Linh, Việt Trinh (s.t & hệ thống hóa)
|
| 260 |
# |
# |
|a Hà Nội
|b Tài Chính
|c 2012
|
| 300 |
# |
# |
|a 423tr.
|c 28cm.
|
| 650 |
# |
4 |
|a Pháp luật
|z Việt Nam
|
| 653 |
# |
# |
|a Văn bản pháp luật
|
| 700 |
1 |
# |
|a Việt, Trinh
|e Sưu tầm, hệ thống hóa
|
| 852 |
# |
# |
|b Kho mượn
|j KM.0014808
|
| 852 |
# |
# |
|b Kho đọc
|j KD.0014447
|
| 852 |
# |
# |
|j KD.0014447
|j KM.0014808
|
| 910 |
|
|
|d 08/03/2013
|
| 980 |
# |
# |
|a Trung tâm Học liệu Lê Vũ Hùng, Trường Đại học Đồng Tháp
|